| 000 | 00690nam a2200193Ia 4500 | ||
|---|---|---|---|
| 003 | IN-BaIIA | ||
| 008 | 211028s9999 xx 000 0 eng d | ||
| 020 | _a978-1-909204-26-3 | ||
| 040 | _cIIA Library | ||
| 080 |
_a52-77(082.1) _bRES |
||
| 245 | 0 |
_aResolving the sky-radio interferometry _bpast, present and future; proceedings of the conference held at the Lowryhotel, Manchester, U. K. April 17-20, 2012 _cedited by M. A. Garrett and J. C. Greenwood |
|
| 260 |
_aU.K _bS. K. A. Organisation _c2013 |
||
| 300 | _a376p. | ||
| 650 |
_aRadio interferometry _915209 |
||
| 650 |
_aSky _92307 |
||
| 700 |
_aGarrett, M. A., ed. _936066 |
||
| 700 |
_aGreenwood, J. C., ed. _936067 |
||
| 942 | _cBK | ||
| 999 |
_c18863 _d18863 |
||